000 00528nam a2200181Ia 4500
003 GCL
008 140319s9999 xx 000 0 ara d
040 _aGCL /
_cGCL
082 0 4 _a614.55
_bح ت
100 1 _aحسين فرج زين الدين
245 1 0 _aالتطفل والطفيليات /
_cحسين فرج زين الدين
260 _a[S.N] :
_bدار الفكر العربى
300 _a78 ص
490 _aعالم الحيوان
_v0
650 0 4 _aالعلم
650 0 4 _aالطفيليات
942 _2ddc
_cBK
999 _c27585
_d27585